Datum a čas kvízu
30
Celkem bodů
Celkový počet nahraných bodů na tomto kvízu bez doplňovacích otázek.
10.
Pořadí na kvízu
Konečné umístění týmu na tomto kvízu.
Zaznamenané odpovědi
| # | Otázka | Odpověď | Body | Výsledky |
|---|---|---|---|---|
| 1. | Jak se jmenuje stránka na česk... | Wikipedia | 1 | |
| 2. | Prezident Kazachstánu, který b... | Nursultan Nazarbajev | 0 | |
| 3. | Jistá populární facebooková st... | Opráski sčeskí historje | 1 | |
| 4. | Novou odrůdu meruněk jménem So... | šarka | 0 | |
| 5. | Obhájce hokejového titulu Kome... | Martin Zaťovič | 0 | |
| 6. | Dnešní cestovatelské téma se b... | Córdoba | 0 | |
| 7. | Terminál letiště a mnoho další... | Pablo Picasso | 0 | |
| 8. | Když si vzpomenete na jednu zn... | Malagelo | 1 | |
| 9. | Nad městem Granada se vypíná h... | Alhambra | 1 | |
| 10. | Na obrázku vidíte radnici v př... | Juan Carlos I. | 1 |